| 000 | 00000nam##2200000za#4500 |
| 001 | 9.590581 |
| 003 | CaOODSP |
| 005 | 20210624200208 |
| 007 | cr ||||||||||| |
| 008 | 150406|2015||||xxc|||||o f|0| 0 eng|d |
| 020 | |a978-1-100-54889-0 |
| 040 | |aCaOODSP|beng |
| 041 | |aeng |
| 041 | |afre |
| 043 | |an-cn--- |
| 086 | 1 |aFR4-2015/2-PDF |
| 110 | 1 |aCanada.|bForeign Affairs, Trade and Development Canada. |
| 245 | 10|aFrance / Youth Mobility : |h[electronic resource]|bAgreement between the Government of Canada and the Government of the French Republic concerning Youth Mobility, done at Ottawa on 14 March 2013, entry into force: 1 January 2015 |
| 260 | |aOttawa - Ontario : |bForeign Affairs, Trade and Development Canada |cc2014. |
| 300 | |a18p. |
| 490 | 1 |aTreaty series|v2015/2 |
| 590 | |a15-10|b2015-03-06 |
| 792 | |tFrance / Mobilité des jeunes : |efre|w(CaOODSP)9.590582 |
| 830 | #0|aTreaty series ;|v2015/2|w(CaOODSP)9.500661 |
| 856 | 40|ahttp://publications.gc.ca|qPDF|s159 KB|uhttps://publications.gc.ca/collections/collection_2015/maecd-dfatd/FR4-2015-2.pdf|y2015/2 |